Problemy organizacji i zarzadzania w procesie przeksztalcen wlasnosciowych
Gespeichert in:
| Weitere Verfasser: | |
|---|---|
| Format: | Buch |
| Sprache: | Polnisch |
| Veröffentlicht: |
Poznan
Wydawnictwo Akademii Ekonomicznej w Poznaniu
1993
|
| Ausgabe: | 1. wyd. |
| Schriftenreihe: | Zeszyty naukowe
Zeszyt 209 |
| Schlagworte: | |
| Tags: |
Keine Tags, Fügen Sie das erste Tag hinzu!
|
MARC
| LEADER | 00000nam a2200000 4500 | ||
|---|---|---|---|
| 001 | c014137 | ||
| 005 | 20250509102705.0 | ||
| 041 | 0 | |a pol | |
| 044 | |a PL | ||
| 245 | 1 | 0 | |a Problemy organizacji i zarzadzania w procesie przeksztalcen wlasnosciowych |c Ved. red. Jadwiga Majchrzak |
| 250 | |a 1. wyd. | ||
| 264 | 1 | |a Poznan |b Wydawnictwo Akademii Ekonomicznej w Poznaniu |c 1993 | |
| 300 | |a 62 s. | ||
| 490 | 1 | |a Zeszyty naukowe |v Zeszyt 209 | |
| 830 | 0 | |a Zeszyty naukowe |v Zeszyt 209 | |
| 610 | 2 | 0 | |a organizácia |
| 610 | 2 | 0 | |a riadenie podnikové |
| 610 | 2 | 0 | |a vlastníctvo |
| 610 | 2 | 0 | |a privatizácia |
| 610 | 2 | 0 | |a akcionári |
| 610 | 2 | 0 | |a podnik |
| 610 | 2 | 0 | |a služby |
| 610 | 2 | 0 | |a reštrukturalizácia |
| 610 | 2 | 0 | |a transformácia |
| 610 | 2 | 0 | |a konzultanti |
| 700 | 1 | |a Majchrzak, Jadwiga | |